World political systems : (Record no. 524188)
[ view plain ]
| 000 -LEADER | |
|---|---|
| fixed length control field | 00421nam a22001457a 4500 |
| 020 ## - INTERNATIONAL STANDARD BOOK NUMBER | |
| International Standard Book Number | 0-550-20753-8 |
| 040 ## - CATALOGING SOURCE | |
| Transcribing agency | NUST |
| 082 ## - DEWEY DECIMAL CLASSIFICATION NUMBER | |
| Classification number | 320 |
| Author Mark | DER |
| 100 ## - MAIN ENTRY--PERSONAL NAME | |
| Personal name | Derbyshire, J Denis |
| 9 (RLIN) | 15006 |
| 245 ## - TITLE STATEMENT | |
| Title | World political systems : |
| Remainder of title | An introduction to comparative government / |
| Statement of responsibility, etc. | J Denis Derbyshire. |
| 260 ## - PUBLICATION, DISTRIBUTION, ETC. | |
| Place of publication, distribution, etc. | New York : |
| Name of publisher, distributor, etc. | Chambers, |
| Date of publication, distribution, etc. | 1993. |
| 300 ## - PHYSICAL DESCRIPTION | |
| Extent | 249 p. ; |
| Dimensions | 18 cm. |
| 500 ## - GENERAL NOTE | |
| General note | Includes indexes. |
| 942 ## - ADDED ENTRY ELEMENTS (KOHA) | |
| Source of classification or shelving scheme | |
| Koha item type | Book |
| Withdrawn status | Lost status | Source of classification or shelving scheme | Damaged status | Not for loan | Permanent Location | Current Location | Date acquired | Total Checkouts | Full call number | Barcode | Date last seen | Date last checked out | Price effective from | Koha item type |
|---|---|---|---|---|---|---|---|---|---|---|---|---|---|---|
| Central Library (CL) | Central Library (CL) | 06/18/2019 | 2 | 320 DER | CL-D-397 | 02/24/2023 | 10/19/2022 | 06/18/2019 | Book |
